Normal view MARC view
  • Dr. Muhammad Latif

Entry Personal Name

Number of records used in: 1

001 - CONTROL NUMBER

  • control field: 22889

003 - CONTROL NUMBER IDENTIFIER

  • control field: NUST

005 - DATE AND TIME OF LATEST TRANSACTION

  • control field: 20191004120617.0

008 - FIXED-LENGTH DATA ELEMENTS

  • fixed length control field: 191004|| aca||aabn | a|a d

040 ## - CATALOGING SOURCE

  • Original cataloging agency: NUST
  • Transcribing agency: NUST

100 ## - HEADING--PERSONAL NAME

  • Personal name: Dr. Muhammad Latif

670 ## - SOURCE DATA FOUND

  • Source citation: Work cat.: (NUST): Ali, Zohaib. 22888, Adversarial Examples for Visual Odometry /, 2018.
© 2023 Central Library, National University of Sciences and Technology. All Rights Reserved.